Central Library OPAC University of Rajshahi
Normal view MARC view

Entry Personal Name

Number of records used in: 3

001 - CONTROL NUMBER

  • control field: 14699

003 - CONTROL NUMBER IDENTIFIER

  • control field: BD-RjUL

005 - DATE AND TIME OF LATEST TRANSACTION

  • control field: 20241219143937.0

008 - FIXED-LENGTH DATA ELEMENTS

  • fixed length control field: 241219|| aca||aabn | a|a d

040 ## - CATALOGING SOURCE

  • Original cataloging agency: BD-RjUL
  • Transcribing agency: BD-RjUL

100 ## - HEADING--PERSONAL NAME

  • Personal name: عاجز٫ کلیم احمد ;; Aajiz, Kaleem Ahmed

670 ## - SOURCE DATA FOUND

  • Source citation: Work cat.: (BD-RjUL)84544: عاجز٫ کلیم احمد ;; Aajiz, Kaleem Ahmed, اک دیس اک بدیسی ;;; ek dis ak badisi / سفرنامہ امریکہ, 1981